=LDR 00000nam 2200000 4500 =001 INLIS000000000036962 =005 20251229023401 =035 ##$$a 0010-061300000036962 =008 251229################g##########0#ind## =041 ##$$a Ind =082 ##$$a 363.25 =090 ##$$a 363.25, Sho p =100 ##$$a Shone, Rob =245 1#$$a Penyelidik TKP, /$c Rob Shone ; alih bahasa, Fransiska Dyah H =260 ##$$a Jakarta :$b Gramedia,$c 2008 =300 ##$$a 48 hlm, : $b Ilus ; $c 28 cm =650 #4$$a Kriminal Pengusutan =850 ##$$a NBPNMAT =084 ##$$a 363.25 SHO p =020 ##$$a 978-979-27-2955-9 =990 ##$$a 21101653 =990 ##$$a 21101652 =990 ##$$a 1202301028 =990 ##$$a 21101650 =990 ##$$a 21101650 =990 ##$$a 21101653 =990 ##$$a 21101652 =990 ##$$a 1202301028